Sydney Train Stations - Blue Mountains Line - Statistics

General Stats
  • This quiz has been taken 123 times
  • The average score is 18 of 24
Answer Stats
# Answer % Correct
15 Katoomba
96%
3 Blaxland
91%
6 Springwood
91%
21 Lithgow
90%
2 Glenbrook
86%
1 Lapstone
85%
14 Leura
85%
13 Wentworth Falls
83%
24 Bathurst
80%
18 Mount Victoria
80%
7 Faulconbridge
78%
4 Warrimoo
75%
17 Blackheath
74%
19 Bell
70%
5 Valley Heights
70%
8 Linden
69%
20 Zig Zag
69%
10 Hazelbrook
66%
16 Medlow Bath
66%
11 Lawson
65%
12 Bullaburra
60%
9 Woodford
56%
22 Rydal
49%
23 Tarana
46%
No matching quizzes found
Score Distribution
Percent of People with Each Score
Percentile by Number Answered
Your Score History
You have not taken this quiz